Catálogo
 En Linea

Organizaciones que aprenden : (Registro nro. 12027)

Detalles MARC
000 -CABECERA
campo de control de longitud fija 00980cam a2200265 a 4500
001 - NÚMERO DE CONTROL
campo de control 000012370
005 - FECHA Y HORA DE LA ÚLTIMA TRANSACCIÓN
campo de control 20200929163020.0
008 - DATOS DE LONGITUD FIJA--INFORMACIÓN GENERAL
campo de control de longitud fija 990603s1998 ve a b 000 0 spa d
020 ## - NÚMERO INTERNACIONAL ESTÁNDAR DEL LIBRO
Número Internacional Estándar del Libro 9800011579
035 ## - NÚMERO DE CONTROL DEL SISTEMA
Número de control de sistema (CtY)notisFMQ2313
035 ## - NÚMERO DE CONTROL DEL SISTEMA
Número de control de sistema (CStRLIN)CTYAFMQ2313-B
040 ## - FUENTE DE LA CATALOGACIÓN
Centro catalogador/agencia de origen DO-SdBNP
Centro/agencia transcriptor BID
Centro/agencia modificador CtY
-- BNPHU
082 ## - NÚMERO DE LA CLASIFICACIÓN DECIMAL DEWEY
Número de clasificación 001.40987
Número de documento/Ítem P349ó
049 ## - FONDOS LOCALES (OCLC)
Fondos de biblioteca BNGR
100 1# - ENTRADA PRINCIPAL--NOMBRE DE PERSONA
Nombre de persona Peña Cedillo, Jesús.
9 (RLIN) 29062
245 10 - MENCIÓN DE TÍTULO
Título Organizaciones que aprenden :
Resto del título la evaluación de instituciones destinadas a la investigación y el desarrollo /
Mención de responsabilidad, etc. Jesús Peña Cedillo.
260 ## - PUBLICACIÓN, DISTRIBUCIÓN, ETC.
Lugar de publicación, distribución, etc. Caracas, (Venezuela) :
Nombre del editor, distribuidor, etc. CENDES,
Fecha de publicación, distribución, etc. 1998.
300 ## - DESCRIPCIÓN FÍSICA
Extensión 163 p. :
Otras características físicas il. ;
Dimensiones 23 cm.
490 1# - MENCIÓN DE SERIE
Mención de serie Mención publicación
504 ## - NOTA DE BIBLIOGRAFÍA, ETC.
Nota de bibliografía, etc. Incluye bibliografías: ([103]-108).
650 #4 - PUNTO DE ACCESO ADICIONAL DE MATERIA--TÉRMINO DE MATERIA
Término de materia o nombre geográfico como elemento de entrada Institutos de investigacion
Subdivisión geográfica Venezuela
Subdivisión general Evaluacion
9 (RLIN) 29063
650 #4 - PUNTO DE ACCESO ADICIONAL DE MATERIA--TÉRMINO DE MATERIA
Término de materia o nombre geográfico como elemento de entrada Institutos de investigacion
Subdivisión geográfica Venezuela
Subdivisión general Innovaciones
9 (RLIN) 29064
830 #0 - PUNTO DE ACCESO ADICIONAL DE SERIE-TÍTULO UNIFORME
Título uniforme Mención publicación.
9 (RLIN) 29065
910 ## - DATOS DE OPCIÓN DEL USUARIO (OCLC)
Datos de opción del usuario Catalogación por copia / LC
Existencias
Estado de retiro Estado de pérdida Restricciones de uso No para préstamo Código de colección Localización permanente Ubicación/localización actual Ubicación en estantería Fecha de adquisición Número de inventario Total de préstamos Signatura topográfica completa Código de barras Fecha visto por última vez Precio válido a partir de Tipo de ítem Koha
    Préstamo interno   Monografías: Libros y Folletos General General En catalogación 11.11.2009 LF1   001.40987 P349ó 12370-10 25.06.2020 25.06.2020 Préstamo interno

Con tecnología Koha